Восторг (Запись № 3556499)

Подробности
000 -МАРКЕР
контрольное поле 01766nam0a2200349 4500
001 - ИДЕНТИФИКАТОР ЗАПИСИ
контрольное поле RU\NLR\bibl\1951184
005 - ИДЕНТИФИКАТОР ВЕРСИИ
контрольное поле 20260406110601.0
010 ## - МЕЖДУНАРОДНЫЙ СТАНДАРТНЫЙ НОМЕР КНИГИ (ISBN)
Номер (ISBN) 5-901496-05-01
Тираж 500
035 ## - ДРУГИЕ СИСТЕМНЫЕ НОМЕРА
Идентификатор записи (NLR Aleph) 001940324
100 ## - ДАННЫЕ ОБЩЕЙ ОБРАБОТКИ
Данные общей обработки 20121003d2001 |||y0rusy50 ca
101 0# - ЯЗЫК РЕСУРСА
Язык текста, звукозаписи и т.д. русский
102 ## - СТРАНА ПУБЛИКАЦИИ ИЛИ ПРОИЗВОДСТВА
Страна публикации Российская Федерация
105 ## - ПОЛЕ КОДИРОВАННЫХ ДАННЫХ: ТЕКСТОВЫЕ МАТЕРИАЛЫ, МОНОГРАФИЧЕСКИЕ
Кодированные данные о монографическом текстовом документе a |||||||||
200 1# - ЗАГЛАВИЕ И СВЕДЕНИЯ ОБ ОТВЕТСТВЕННОСТИ
Основное заглавие Восторг
Сведения, относящиеся к заглавию [стихи и проза
-- избранные произведений]
Первые сведения об ответственности Валерий Штормовой
Последующие сведения об ответственности [ред.: З.А. Ли
-- худож.: Д.С. Паныч и В.А. Сабадаш]
210 ## - ПУБЛИКАЦИЯ, РАСПРОСТРАНЕНИЕ И ДР.
Место издания, распространения и т.д. Сиверский
Имя издателя, распространителя и т. д. [б. и.]
Дата издания, распространения и т.д. 2001
215 ## - ФИЗИЧЕСКАЯ ХАРАКТЕРИСТИКА
Специфическое обозначение материала и объем 233 с.
Другие сведения о физической характеристике ил., портр.
Размеры 17
225 1# - СЕРИЯ
Основное заглавие серии Поэтов Сиверское братство
300 ## - ОБЩИЕ ПРИМЕЧАНИЯ
Текст примечания В послесл. авт.: Валерий Штормовой поэт. Валерий Сабадаш имя в миру
327 1# - ПРИМЕЧАНИЯ О СОДЕРЖАНИИ
Текст примечания Содерж.: Восторг: стихи; Исторические этюды; проза: Граф Сиверс и Сиверская; Курьезы одного царствования; Павел I и масоны; Живописец из Сиверского; Вопевшие Белогорку; Сильнее рока
686 ## - ИНДЕКСЫ ДРУГИХ КЛАССИФИКАЦИЙ
Индекс Ш6(2=Р)75я44
700 #1 - ИМЯ ЛИЦА - ПЕРВИЧНАЯ ОТВЕТСТВЕННОСТЬ
Код отношения Автор
Графика поля Кириллица
Материалы, к которым относится поле rus
Начальный элемент ввода Штормовой
Часть имени, кроме начального элемента ввода В.
Даты 1952-
Расширение инициалов личного имени Валерий
Системный номер авторитетной/нормативной записи 46301
Идентификатор авторитетной/нормативной записи RU\NLR\auth\7763372
702 #1 - ИМЯ ЛИЦА - ВТОРИЧНАЯ ОТВЕТСТВЕННОСТЬ
Код отношения Редактор
Графика поля Кириллица
Материалы, к которым относится поле rus
Начальный элемент ввода Тян-Ли
Дополнения к именам, кроме дат псевдоним
Системный номер авторитетной/нормативной записи 93087
Идентификатор авторитетной/нормативной записи RU\NLR\AUTH\77110162
702 #1 - ИМЯ ЛИЦА - ВТОРИЧНАЯ ОТВЕТСТВЕННОСТЬ
Начальный элемент ввода Паныч
Часть имени, кроме начального элемента ввода Д. С.
Код отношения Карикатурист, Художник
702 #1 - ИМЯ ЛИЦА - ВТОРИЧНАЯ ОТВЕТСТВЕННОСТЬ
Код отношения Карикатурист, Художник
Графика поля Кириллица
Материалы, к которым относится поле rus
Начальный элемент ввода Штормовой
Часть имени, кроме начального элемента ввода В.
Даты 1952-
Расширение инициалов личного имени Валерий
Системный номер авторитетной/нормативной записи 46301
Идентификатор авторитетной/нормативной записи RU\NLR\auth\7763372
801 #0 - ИСТОЧНИК ЗАПИСИ
Страна Российская Федерация
Организация NLR
Дата составления 20121003
Правила каталогизации RCR
801 #1 - ИСТОЧНИК ЗАПИСИ
Страна Российская Федерация
Организация NLR
Дата составления 20121003
830 ## - ОБЩЕЕ ПРИМЕЧАНИЕ, СОСТАВЛЕННОЕ КАТАЛОГИЗАТОРОМ
Текст примечания авт. по базе
942 ## - ДОПОЛНИТЕЛЬНЫЕ ЭЛЕМЕНТЫ ЗАПИСИ (АБИС)
Тип экземпляра АБИС Книга
980 ## - КОЛЛЕКЦИЯ
Название коллекции Национальная библиография
Экземпляры
Тип экземпляра Дата поступления Источник поступления Библиотека постоянного хранения Библиотека текущего хранения Место хранения Шифр хранения Штрих-код Статус экземпляра
Книга 03.10.2012 Дар РНБ (Московский) РНБ (Московский) Русский книжный фонд: издания с 1957 года 2012-2/3971 3738006